| 000 | 01231nam a2200253Ia 4500 | ||
|---|---|---|---|
| 003 | OSt | ||
| 005 | 20210817161705.0 | ||
| 008 | 210310s1984 ck gr 000 0dspa d | ||
| 020 | _a8489218013 | ||
| 040 |
_aCO-JMCR _cCO-JMCR |
||
| 041 | 0 | _aspa | |
| 082 | 0 | 4 |
_a339.5 / _bS246f _223 |
| 100 | 1 |
_aSarmiento Palacio, Eduardo, _916999 _eautor |
|
| 245 | 1 | 0 |
_aFuncionamiento y control de una economía en desequilibrio / _cEduardo Sarmiento Palacio |
| 250 | _aPrimera edición | ||
| 260 |
_aBogotá : _bContraloría General de la República, _c1984 |
||
| 300 |
_a442 páginas ; _c21 cm. |
||
| 490 | 0 |
_aTextos ; _vNo.4 |
|
| 500 | _aIncluye notas a pie de página y datos biográficos del autor. | ||
| 505 | 0 | _aFormación y comportamientos de los salarios -- Interrelación entre la industria y la agricultura -- Industria -- Agricultura -- Ahorro -- Dineros y capital -- Mercado de capitales -- Regulación administrativa de la tasa de interés -- Oferta monetaria -- Dinero, producción y precios -- Sector externo -- Exportaciones menores -- Producción y exportaciones del café -- Progreso y equidad | |
| 650 | 1 | 4 |
_aPolítica económica _917001 _zColombia |
| 650 | 2 | 4 |
_aCondiciones económicas _zColombia _96839 |
| 942 |
_2ddc _cBK |
||
| 999 |
_c8345 _d8345 |
||